000 00646nam a2200229Ia 4500
003 OSt
005 20220918212059.0
006 a|||||r|||| 00| 0
007 ta
008 220917b |||||||| |||| 00| 0 eng d
024 _a127,136
037 _cTextual
040 _aARTS
_cARTS
_beng
041 _2eng
_aeng
082 _aX.41.N5, J9
100 _aLi Choh Ming
_9122379
245 0 _aEconomic development of communist China
_b An appraisal of the first five years of industrialization
260 _aNA
_bNA
_c1959
650 _aECONOMICS
942 _hX.41.N5, J9
_cTEXL
_2CC
999 _c250278
_d250278